ბათუმის შოთა რუსთაველის სახელმწიფო უნივერსიტეტის ბიბლიოთეკა

საუნჯე სათნოებისა (ბიბ.ჩანაწერი № 50168)

000 -LEADER
fixed length control field 00956nam a2200241Ia 4500
001 - CONTROL NUMBER
control field 17106
003 - CONTROL NUMBER IDENTIFIER
control field GE_BSU
008 - FIXED-LENGTH DATA ELEMENTS--GENERAL INFORMATION
fixed length control field 181216s||||||||xx |||||||||||||| ||und||
040 ## - CATALOGING SOURCE
Transcribing agency GE_BSU
080 ## - UNIVERSAL DECIMAL CLASSIFICATION NUMBER
Universal Decimal Classification number 396(479.22) + 94(479.22)
100 ## - MAIN ENTRY--PERSONAL NAME
Personal name არდაშელია, ციალა
245 ## - TITLE STATEMENT
Title საუნჯე სათნოებისა
245 ## - TITLE STATEMENT
Remainder of title ქართველი ქალები-თამარ მეფე, ქეთევან დედოფალი და სხვ
245 ## - TITLE STATEMENT
Statement of responsibility, etc. რედ.მ.სოხაძე
260 ## - PUBLICATION, DISTRIBUTION, ETC.
Place of publication, distribution, etc. თბილისი
260 ## - PUBLICATION, DISTRIBUTION, ETC.
Name of publisher, distributor, etc. ნაკადული
260 ## - PUBLICATION, DISTRIBUTION, ETC.
Date of publication, distribution, etc. 1986
300 ## - PHYSICAL DESCRIPTION
Extent 147გვ. ; 20სმ.
653 ## - INDEX TERM--UNCONTROLLED
Uncontrolled term ისტორია
653 ## - INDEX TERM--UNCONTROLLED
Uncontrolled term საუნჯე სათნოებისა
653 ## - INDEX TERM--UNCONTROLLED
Uncontrolled term ქართველი ქალები-თამარ მეფე, ქეთევან დედოფალი და სხვ.
942 ## - ADDED ENTRY ELEMENTS (KOHA)
Koha item type წიგნი
ეგზემპლარები
Withdrawn status Lost status Damaged status Not for loan Date acquired Barcode Date last seen Price effective from Koha item type
        2018-12-17 21669 2018-12-17 2018-12-17 წიგნი
        2018-12-17 21670 2018-12-17 2018-12-17 წიგნი